000 01144nmc a2200397 a 4500
003 AR-BaBNM
005 20251128204436.0
008 185019s1966 ||||||||||||||000 | spa||
040 _cAR-BaBNM
100 1 _aMeumann, Ernesto
245 1 0 _aPedagogía experimental
250 _a5ª ed.
260 _aBuenos Aires
_bLosada
_c1966
300 0 _a366 p.
490 0 _aBiblioteca pedagógica
650 4 _aPEDAGOGIA EXPERIMENTAL
650 4 _aINVESTIGACION EMPIRICA
650 4 _aINVESTIGACION EXPERIMENTAL
650 4 _aPSICOLOGIA DEL DESARROLLO
650 4 _aTEORIAS DE LA EDUCACION
650 4 _aDESARROLLO COGNOSCITIVO
650 4 _aDESARROLLO INTELECTUAL
650 4 _aDESARROLLO INDIVIDUAL
650 4 _aDESARROLLO DEL LENGUAJE
650 4 _aTECNICAS DIDACTICAS
650 4 _aENSENANZA DE LA ESCRITURA
650 4 _aENSENANZA DE LA LECTURA
650 4 _aENSENANZA DE LA ORTOGRAFIA
650 4 _aENSENANZA DE IDIOMAS
650 4 _aEDUCACION ARTISTICA
650 4 _aMETODOS DE INVESTIGACION
653 0 _aCONOCIMIENTO CIENTIFICO
800 1 _aLuzuriaga, Lorenzo
_edirector
942 _cBK
998 _cGrace
999 _c7436
_d7436